| 000 | 00552nam a22001457a 4500 | ||
|---|---|---|---|
| 999 |
_c133772 _d133772 |
||
| 005 | 20240416093406.0 | ||
| 008 | 240416b ||||| |||| 00| 0 eng d | ||
| 040 | _cPK-LaUMT | ||
| 082 |
_aAPC 297.4092 _bHAM-T |
||
| 100 | _aHamid Khan Hamid = حامد خاں حامد | ||
| 245 |
_aTazkarاh Hazrat Sakhi Sarwar Rehmatullah Aleh = تذکرہ حضرت سخی سرور رحمتہ اللہ علیہ / _cby Hamid Khan Hamid = حامد خاں حامد |
||
| 260 |
_aLahore : _bUlma Academy, Mehkama Aukaaf,Punjab, _c1975 |
||
| 300 | _a219 p. | ||
| 942 | _cBK | ||